| 000 | 00962nam a2200289Ia 4500 | ||
|---|---|---|---|
| 003 | OSt | ||
| 005 | 20221007122553.0 | ||
| 006 | a|||||r|||| 00| 0 | ||
| 007 | ta | ||
| 008 | 221006b |||||||| |||| 00| 0 eng d | ||
| 020 | _a9783642008283 (hbd) | ||
| 024 | _a112181 | ||
| 037 |
_b420, 18/08/2010, Aviva Books Company _cTextbook |
||
| 040 |
_aPAPL _cPAPL _beng |
||
| 041 |
_2eng _aeng |
||
| 082 | _aC9B3:f3, Q0 Carpa | ||
| 100 |
_aTavernier Stefaan _9714584 |
||
| 245 | 0 | _aExperimental techniques in nuclear and particle physics | |
| 260 |
_aBerlin _bSpringer _c2010 |
||
| 300 |
_aix, 306p. _ccm. |
||
| 500 | _aIncludes bibliographical references.; Appendices 1-6, 295-302p.; Index 303-306p. | ||
| 650 |
_a Nuclear physics _9543687 |
||
| 650 | _a Particle physics | ||
| 650 | _aPhysics | ||
| 942 |
_hC9B3:f3, Q0 Carpa _cTB _2CC |
||
| 999 |
_c1210592 _d1210592 |
||